000 00362nam a22001217a 4500
999 _c9647
_d9647
003 OSt
008 201210b ||||| |||| 00| 0 eng d
245 _aDecision Indian Institute of Management Calcutta
250 _a2017(Mar Vol.44 No.1, Jun Vol.44 No.2, Sep Vol.44 No.3, Dec Vol.44 No.4)
260 _aCalcutta
_bSpringer
650 _aManagement
942 _2ddc
_cBV